01158nam a22001937a 4500003000500000005001700005082001600022100002000038245011400058260003300172300001300205505049600218650002300714651002000737700004600757942001200803999001900815952013000834NUST20260120143003.0 a621.382,IBR aIbrahim9122723 aDevelopment of AD-HOC voice network for rapid deployment /cIbrahim, Sumair, Adeel, Bilal and Zahir (BETE-51) aRawalpindibMCS (NUST)c2018 av, 70p.; aIntroduction (Page-3), Overall Description (Page-8), External Interface Requirements (Page-14), System Features (Page-15), Other Nonfunctional Requirements (Page-26), Layout (Page-28), Use Case Descriptions (Page-31), Cals's Description (Page-34), User Interface (Page-40), Detailed Description of Components (Page-49), Design, Decisions, Reuse and Relationship to other Products (Page-59), Project test and Evaluation (Page-60), assumptions and Dependencies (Page-68), References (Page-69). aUG Project9131132 aBETE-519132836 aSupervised by Dr. Hasnat Khurshid9132581 2ddccPR c615869d615869 00102ddc4070aMCSbMCScREFd2026-01-20l0o621.382,IBRpMCSPTE-276r2026-01-20w2026-01-20yPRzalmirah No.90, Shelf No.4